| 000 | 00000nam##2200000za#4500 |
| 001 | 9.646257 |
| 003 | CaOODSP |
| 005 | 20200401054046 |
| 007 | ta |
| 008 | 150407|1996||||xxc||||| f|0| 0 eng|d |
| 020 | |a0-662-24725-6 |
| 040 | |aCaOODSP|beng |
| 043 | |an-cn--- |
| 086 | 1 |aH68-23/1996E |
| 110 | 1 |aCanada.|bHealth Canada. |bNational Council of Welfare. |
| 245 | 12|aA pension primer : |ba report by the National Council of Welfare |
| 260 | |aOttawa - Ontario : |bHealth Canada. |c1996. |
| 300 | |a52p. : |bgraphs, tables ; |c28 cm. |
| 500 | |aContents: Introduction.--The first level: income security programs.--The second level: the Canada and Quebec Pension Plans.--The third level: occupational pension plans.--The third level (continued): Registered Retirement Savings Plans.--Conclusion.--Appendix A: The retirement income system.--Appendix B: Tax breaks for seniors.--Footnotes. |
| 563 | |aSoftcover |
| 590 | |a96-32|b1996-08-09 |
| 690 | 07|aPensions|2gcpds |
| 775 | 08|tGuide des pensions : |w(CaOODSP)9.679823 |
| 776 | 0#|tA pension primer |w(CaOODSP)9.696672 |
| 776 | 0#|tGuide des pensions |w(CaOODSP)9.640780 |